Making energy efficiency your business (Record no. 112882)
[ view plain ]
| 000 -LEADER | |
|---|---|
| fixed length control field | 01312cad a22001935a 4500 |
| 001 - CONTROL NUMBER | |
| control field | L154196 |
| 008 - FIXED-LENGTH DATA ELEMENTS--GENERAL INFORMATION | |
| fixed length control field | 111028s2011 xxk f 000 0 eng d |
| 035 ## - SYSTEM CONTROL NUMBER | |
| System control number | (Sirsi) u154196 |
| 041 0# - LANGUAGE CODE | |
| Language code of text/sound track or separate title | eng |
| 110 2# - MAIN ENTRY--CORPORATE NAME | |
| Corporate name or jurisdiction name as entry element | Ernst & Young |
| 9 (RLIN) | 4001 |
| 245 00 - TITLE STATEMENT | |
| Title | Making energy efficiency your business |
| Remainder of title | understanding the potential of the non-domestic Green Deal |
| Medium | [electronic resource] |
| 260 ## - PUBLICATION, DISTRIBUTION, ETC. | |
| Place of publication, distribution, etc. | Ernst & Young |
| Date of publication, distribution, etc. | 2011 |
| 520 ## - SUMMARY, ETC. | |
| Summary, etc. | Highlights the issues facing the Green Deal in the private sector. Just a 10% take up of the Green Deal in non-domestic markets could equate to a market of up to £800m by 2020 and around 5% in carbon savings. Mentions three challenges that need to be addressed to develop a successful non domestic Green Deal; low take up, how participants can consider different designs across various groups and how to target financial incentives across landlords and tenants. |
| 590 ## - LOCAL NOTE (RLIN) | |
| Local note | KA NTK |
| 651 #4 - SUBJECT ADDED ENTRY--GEOGRAPHIC NAME | |
| Geographic name | United Kingdom |
| Chronological subdivision | |
| 690 ## - LOCAL SUBJECT ADDED ENTRY--TOPICAL TERM (OCLC, RLIN) | |
| Topical term or geographic name as entry element | ENVIRONMENTAL AND LAND CONSULTANCY-ENERGY-ENERGY USE-ENERGY EFFICIENCY |
| 856 40 - ELECTRONIC LOCATION AND ACCESS | |
| Uniform Resource Identifier | <a href="https://www.ey.com/Publication/vwLUAssets/Making_energy_efficiency_your_business_-_Understanding_the_potential_of_the_non-domestic_Green_Deal/$FILE/EY_Making_energy_efficiency_your_business_-_Non_domestic_Green_Deal.pdf">https://www.ey.com/Publication/vwLUAssets/Making_energy_efficiency_your_business_-_Understanding_the_potential_of_the_non-domestic_Green_Deal/$FILE/EY_Making_energy_efficiency_your_business_-_Non_domestic_Green_Deal.pdf</a> |
| Public note | View the item free of charge at www.ey.com |
| 942 ## - ADDED ENTRY ELEMENTS (KOHA) | |
| Suppress in OPAC | 0 |
| Withdrawn status | Lost status | Source of classification or shelving scheme | Damaged status | Not for loan | Home library | Current library | Shelving location | Date acquired | Total Checkouts | Full call number | Barcode | Date last seen | Copy number | Price effective from | Koha item type |
|---|---|---|---|---|---|---|---|---|---|---|---|---|---|---|---|
| Dewey Decimal Classification | Virtual | Virtual | Online | 28/10/2011 | ONLINE PUBLICATION | 154196-2001 | 06/08/2019 | 1 | 06/08/2019 | Book |